|
|
|
|
| LEADER |
00000nam0a2200000 4500 |
| 001 |
269637 |
| 005 |
20231101234255.0 |
| 010 |
|
|
|a 5890910388
|
| 010 |
|
|
|a 5-89091-037-X
|
| 035 |
|
|
|a (RuTPU)RU\TPU\book\292814
|
| 090 |
|
|
|a 269637
|
| 100 |
|
|
|a 20140919d2000 m y0rusy50 ca
|
| 101 |
1 |
|
|a rus
|c ita
|
| 102 |
|
|
|a RU
|
| 105 |
|
|
|a y z 001ay
|
| 200 |
1 |
|
|a Имя розы
|e роман
|e пер. с итал.
|f У. Эко
|
| 210 |
|
|
|a Санкт-Петербург
|c Симпозиум
|d 2000
|
| 215 |
|
|
|a 678 с.
|
| 320 |
|
|
|a Глоссарий: с. 670-677.
|
| 330 |
|
|
|a Умберто Эко (р. 1932) — один из крупнейших писателей современной Италии. Знаменитый ученый-медиевист, семиотик, специалист по массовой культуре, профессор Эко в 1980 году опубликовал свой первый роман — «Имя розы», принесший ему всемирную литературную известность. Действие романа разворачивается в средневековом монастыре, где его героям предстоит Трешить множество философских вопросов и, путем логических умозаключений, раскрыть произошедшее убийство. Кроме романа в книгу вошли авторские «Заметки на полях "Имени розы"», а также статьи о писателе и его произведении.
|
| 606 |
1 |
|
|a Итальянская литература
|2 stltpush
|3 (RuTPU)RU\TPU\subj\13307
|9 39932
|
| 610 |
1 |
|
|a историческая литература
|
| 610 |
1 |
|
|a Средневековье
|
| 610 |
1 |
|
|a романы
|
| 675 |
|
|
|a 85
|v 3
|
| 700 |
|
1 |
|a Эко
|b У.
|g Умберто
|
| 801 |
|
1 |
|a RU
|b 63413507
|c 20140919
|
| 801 |
|
2 |
|a RU
|b 63413507
|c 20140925
|g RCR
|
| 942 |
|
|
|c BK
|